000 00614cam a22002293a 4500
001 26709
003 PGUSA
005 20140828083557.0
008 080927s2008||||xxu|||||s|||||000 | eng d
040 _aPGUSA
_beng
042 _adc
050 4 _aBV
100 1 _aMurray, Andrew,
_d1828-1917
245 1 0 _aLord, Teach Us To Pray
_h[electronic resource] /
_cAndrew Murray
260 _bProject Gutenberg,
_c2008
506 _aPublic domain in the USA.
516 _aElectronic text
653 _aPrayer
830 0 _aProject Gutenberg
_v26709
856 4 0 _uhttp://www.gutenberg.org/ebooks/26709
942 _cEB
999 _c255964
_d255964